K modelovaniu finančného a investičného manažmentu. 2 Na hodnotenie potenciálu firmy finančná analýza nestačí

Príklad ucelenej analýzy podnikového potenciálu firmy v NSR. Kritériá tejto analýzy (20), ich bodové hodnotenie.

Salvato in:
Dettagli Bibliografici
Autore principale: Jemala, Ľubomír
Natura: Capitolo di libro
Lingua:slovacco
Soggetti:
Tags: Aggiungi Tag
Nessun Tag, puoi essere il primo ad aggiungerne!!

MARC

LEADER 00000naa a2200000 4500
001 r000430
005 20221213114518.1
041 0 |a slo 
044 |a SK 
245 1 0 |a K modelovaniu finančného a investičného manažmentu. 2  |b Na hodnotenie potenciálu firmy finančná analýza nestačí  |c Ľ. Jemala 
520 |a Príklad ucelenej analýzy podnikového potenciálu firmy v NSR. Kritériá tejto analýzy (20), ich bodové hodnotenie. 
610 2 0 |a manažment finančný 
610 2 0 |a hospodárenie finančné 
610 2 0 |a podnik 
610 2 0 |a modely 
610 2 0 |a analýza finančná 
610 2 0 |a podnik spôsobilý 
610 2 0 |a útvary podnikové 
610 2 0 |a divízie 
610 2 0 |a financie podnikové 
610 2 0 |a zúčtovanie 
610 2 0 |a Nemecko 
100 1 |a Jemala, Ľubomír